000 00395nam a2200157Ia 4500
008 230711s9999||||xx |||||||||||||| ||und||
041 _aENG
082 _a620
_bRA-M
100 _aRaghvan V
245 0 _aMaterial science and engineering
250 _a5th
260 _c2007
_aNew Delhi
_bPrentice-Hall of India Private Limited
300 _a439
650 _aMechanical Engineering
942 _cBK
999 _c552
_d552